000
00303nam a22001337a 4500
008
170206b xxu||||| |||| 00| 0 eng d
020
_a
9780205196937
041
_a
eng
080
_a
61
100
_a
3
101
_a
SHM
245
_a
ARTICULATION DISORDERS NPHONOLICAL
_c
JOHN BERNTHAL
942
_2
udc
_c
BK
999
_c
4772
_d
4772